Nouvelle correspondance entièrement inédite
Сохранить в:
| Главный автор: | |
|---|---|
| Формат: | |
| Язык: | французский |
| Опубликовано: |
París
Calmann Lévy
1866
|
| Серии: | Oeuvres Complètes d`Alexis de Tocqueville, 7
|
| Предметы: | |
| Метки: |
Добавить метку
Нет меток, Требуется 1-ая метка записи!
|
MARC
| LEADER | 00000nam a2200000 a 4500 | ||
|---|---|---|---|
| 001 | UCJ8794 | ||
| 003 | CL-VaPUC | ||
| 008 | 070124e18660000FR |||||||||||||||||fre|d | ||
| 082 | 0 | 4 | |a 320 |b TOC |2 21 |
| 100 | 0 | |a Tocqueville, Alexis de |e author |9 315351 | |
| 245 | 1 | 0 | |a Nouvelle correspondance entièrement inédite |
| 300 | |a 535 p | ||
| 942 | |c BK | ||
| 945 | |d 20070124 00:00:00 |a fvergara | ||
| 260 | |a París |b Calmann Lévy |c 1866 | ||
| 650 | 0 | |a Ciencias Políticas |9 255201 | |
| 650 | 7 | |a TEORIA POLITICA |2 CL-VaPUC |9 518056 | |
| 650 | 0 | |a Correspondencia |9 258963 | |
| 583 | |a last modification |c 20070124 00:00:00 |k Rodrigo Vera | ||
| 490 | 0 | |a Oeuvres Complètes d`Alexis de Tocqueville, 7 | |
| 999 | |c 324446 |d 324444 | ||
| 952 | |0 0 |1 0 |4 0 |6 320_000000000000000_TOC_1866 |7 0 |8 X |9 404641 |a FDOBUD |b FDOBUD |d 2019-11-22 |i 1210351 |o 320 TOC 1866 |p 1210351 |r 2019-11-22 |w 2019-11-22 |y BK_X |k BUD | ||